000
00284nam a2200121Ia 4500
008
241002s9999 xx 000 0 und d
082
_a
181.4 SHA
100
_a
Sharma, I.C
245
0
_a
Ethical Philosophies of India
260
_a
London:
_c
1965
600
_a
Philosophy
942
_c
UC
999
_c
18395
_d
18395